000 00548nam a2200145Ia 4500
008 170221s9999 xx 000 0 und d
100 _aBahtiar Mohamad
245 _aIntrinsic Work Values on Building ASEAN’s Future Workforce: A Comparison of Three Nations
245 _cBahtiar Mohamad, Jafri Zulkepli, Ahmed Rageh Ismail, Hassan Abu Bakar
260 _bInternational Review of Management and Marketing
260 _cJune 2014
300 _a6:1
650 _xMarketing.
856 _uhttp://www.econjournals.com/index.php/irmm/issue/view/91
999 _c310223
_d310223